000 00877nam a2200265 a 4500
001 BRCA_4500
005 20190320204707.0
008 140910s1952----nyua######---#000-0#eng-#
041 _aeng
044 _anyu
050 4 _aNK8842
_b.W45 1952
100 1 _aWeibel, Adèle Coulin
_911396
245 1 0 _aTwo Thousand Years of Textiles
_bthe Figured Textiles of Europe and the Near East
_cAdèle Coulin Wiebel.
260 _aNueva York
_bPantheon
_c1952
300 _a169 p.
_bil. (algunas a color), 331 láminas
_c31 cm.
500 _aIncluye diversas exposiciones sobre textiles de manera abreviada
500 _aD55
504 _aBibliografía: p. 165-167
610 2 4 _aInstitute of Arts (Detroit)
_911397
650 1 4 _aTextiles
_zEuropa
_911398
650 1 4 _aTextiles
_zOriente (Cercano)
_911399
650 1 4 _aTextiles
_xHistoria
_911400
902 _aGFM
942 _2lcc
_cB
999 _c4206
_d4206